Generation X: Movers & Shakers - Statistics

General Stats
  • This quiz has been taken 22 times
  • The average score is 18 of 24
Answer Stats
Picture Answer % Correct
Adam Sandler
100%
Ice Cube
100%
Will Smith
100%
Dwayne Johnson
95%
Jennifer Lopez
95%
Julia Roberts
95%
Kobe Bryant
89%
Tupac Shakur
89%
Chris Pratt
84%
Reese Witherspoon
84%
Tiger Woods
84%
Gwen Stefani
79%
Joaquin Phoenix
79%
Ronaldo
79%
Shakira
79%
J.K. Rowling
74%
Queen Latifah
74%
Tina Fey
74%
Winona Ryder
68%
Kurt Cobain
63%
Julian Assange
37%
Lin-Manuel Miranda
37%
John Green
16%
Larry Page
11%
No matching quizzes found
Score Distribution
Percent of People with Each Score
Percentile by Number Answered
Your Score History
You have not taken this quiz